Sports Quiz

Random Sports or Hockey Quiz

NHL Starting Goalies (90s) Quiz Stats

 Plays Quiz not verified by Sporcle

Challenge
Share
Tweet
Embed
Score 0/252 Timer 20:00
0 Plays Today
% Correct
Martin Brodeur
98.6%
Martin Brodeur
98.6%
Martin Brodeur
98.6%
Martin Brodeur
98.6%
Martin Brodeur
98.6%
Martin Brodeur
98.6%
Martin Brodeur
98.6%
Patrick Roy
98.3%
Patrick Roy
98.3%
Patrick Roy
98.3%
Patrick Roy
98.3%
Patrick Roy
98.3%
Patrick Roy
98.3%
Patrick Roy
98.3%
Patrick Roy
98.3%
Patrick Roy
98.3%
Patrick Roy
98.3%
Dominik Hasek
97.7%
Dominik Hasek
97.7%
Dominik Hasek
97.7%
Dominik Hasek
97.7%
Dominik Hasek
97.7%
Dominik Hasek
97.7%
Ed Belfour
96.9%
Ed Belfour
96.9%
Ed Belfour
96.9%
Ed Belfour
96.9%
Ed Belfour
96.9%
Ed Belfour
96.9%
Ed Belfour
96.9%
Ed Belfour
96.9%
Ed Belfour
96.9%
Mike Richter
94.6%
Mike Richter
94.6%
Mike Richter
94.6%
Mike Richter
94.6%
Mike Richter
94.6%
Mike Richter
94.6%
Mike Richter
94.6%
Chris Osgood
93.7%
Chris Osgood
93.7%
Chris Osgood
93.7%
Chris Osgood
93.7%
Chris Osgood
93.7%
Chris Osgood
93.7%
Mike Vernon
93.4%
Mike Vernon
93.4%
Mike Vernon
93.4%
Mike Vernon
93.4%
Mike Vernon
93.4%
Mike Vernon
93.4%
Mike Vernon
93.4%
Mike Vernon
93.4%
John Vanbiesbrouck
93.1%
John Vanbiesbrouck
93.1%
John Vanbiesbrouck
93.1%
John Vanbiesbrouck
93.1%
John Vanbiesbrouck
93.1%
John Vanbiesbrouck
93.1%
John Vanbiesbrouck
93.1%
John Vanbiesbrouck
93.1%
John Vanbiesbrouck
93.1%
Tom Barrasso
93.1%
Tom Barrasso
93.1%
Tom Barrasso
93.1%
Tom Barrasso
93.1%
Tom Barrasso
93.1%
Tom Barrasso
93.1%
Tom Barrasso
93.1%
Ron Hextall
91.1%
Ron Hextall
91.1%
Ron Hextall
91.1%
Ron Hextall
91.1%
Ron Hextall
91.1%
Ron Hextall
91.1%
Ron Hextall
91.1%
Ron Hextall
91.1%
Curtis Joseph
90.9%
Curtis Joseph
90.9%
Curtis Joseph
90.9%
Curtis Joseph
90.9%
Curtis Joseph
90.9%
Curtis Joseph
90.9%
Curtis Joseph
90.9%
% Correct
Curtis Joseph
90.9%
Olaf Kolzig
90.9%
Olaf Kolzig
90.9%
Olaf Kolzig
90.9%
Grant Fuhr
89.4%
Grant Fuhr
89.4%
Grant Fuhr
89.4%
Grant Fuhr
89.4%
Grant Fuhr
89.4%
Grant Fuhr
89.4%
Felix Potvin
86.3%
Felix Potvin
86.3%
Felix Potvin
86.3%
Felix Potvin
86.3%
Felix Potvin
86.3%
Felix Potvin
86.3%
Felix Potvin
86.3%
Nikolai Khabibulin
83.1%
Nikolai Khabibulin
83.1%
Nikolai Khabibulin
83.1%
Nikolai Khabibulin
83.1%
Andy Moog
82.6%
Andy Moog
82.6%
Andy Moog
82.6%
Andy Moog
82.6%
Andy Moog
82.6%
Andy Moog
82.6%
Andy Moog
82.6%
Kirk McLean
81.4%
Kirk McLean
81.4%
Kirk McLean
81.4%
Kirk McLean
81.4%
Kirk McLean
81.4%
Kirk McLean
81.4%
Jim Carey
81.4%
Jim Carey
81.4%
Jim Carey
81.4%
Sean Burke
81.1%
Sean Burke
81.1%
Sean Burke
81.1%
Sean Burke
81.1%
Sean Burke
81.1%
Sean Burke
81.1%
Arturs Irbe
81.1%
Arturs Irbe
81.1%
Arturs Irbe
81.1%
Arturs Irbe
81.1%
Arturs Irbe
81.1%
Sean Burke
81.1%
Bill Ranford
79.4%
Bill Ranford
79.4%
Bill Ranford
79.4%
Bill Ranford
79.4%
Bill Ranford
79.4%
Bill Ranford
79.4%
Bill Ranford
79.4%
Bill Ranford
79.4%
Kelly Hrudey
79.4%
Kelly Hrudey
79.4%
Kelly Hrudey
79.4%
Kelly Hrudey
79.4%
Kelly Hrudey
79.4%
Kelly Hrudey
79.4%
Guy Hebert
78.3%
Guy Hebert
78.3%
Guy Hebert
78.3%
Guy Hebert
78.3%
Guy Hebert
78.3%
Guy Hebert
78.3%
Guy Hebert
78.3%
Jocelyn Thibault
77.1%
Jocelyn Thibault
77.1%
Jocelyn Thibault
77.1%
Jocelyn Thibault
77.1%
Jocelyn Thibault
77.1%
Tommy Salo
75.1%
Tommy Salo
75.1%
Tommy Salo
75.1%
Tommy Salo
75.1%
Daren Puppa
73.7%
Daren Puppa
73.7%
Daren Puppa
73.7%
Daren Puppa
73.7%
Daren Puppa
73.7%
% Correct
Chris Terreri
72.6%
Chris Terreri
72.6%
Chris Terreri
72.6%
Chris Terreri
72.6%
Jon Casey
69.7%
Jon Casey
69.7%
Jon Casey
69.7%
Jon Casey
69.7%
Ron Tugnutt
69.1%
Ron Tugnutt
69.1%
Ron Tugnutt
69.1%
Tim Cheveldae
68.6%
Tim Cheveldae
68.6%
Tim Cheveldae
68.6%
Tim Cheveldae
68.6%
Byron Dafoe
68.3%
Byron Dafoe
68.3%
Byron Dafoe
68.3%
Byron Dafoe
68.3%
Trevor Kidd
66.6%
Trevor Kidd
66.6%
Trevor Kidd
66.6%
Trevor Kidd
66.6%
Mike Dunham
66.6%
Mike Dunham
66.6%
Ken Wregget
65.4%
Ken Wregget
65.4%
Bob Essensa
65.1%
Glenn Healy
65.1%
Glenn Healy
65.1%
Glenn Healy
65.1%
Glenn Healy
65.1%
Bob Essensa
65.1%
Bob Essensa
65.1%
Bob Essensa
65.1%
Bob Essensa
65.1%
Roman Turek
62.9%
Don Beaupre
62.6%
Don Beaupre
62.6%
Don Beaupre
62.6%
Don Beaupre
62.6%
Don Beaupre
62.6%
Jeff Hackett
60.3%
Jeff Hackett
60.3%
Stephane Fiset
60.3%
Stephane Fiset
60.3%
Stephane Fiset
60.3%
Stephane Fiset
60.3%
Jeff Hackett
60.3%
Jeff Hackett
60.3%
Stephane Fiset
60.3%
Stephane Fiset
60.3%
Jeff Hackett
60.3%
Jeff Hackett
60.3%
Garth Snow
59.1%
Damian Rhodes
58%
Damian Rhodes
58%
Damian Rhodes
58%
Damian Rhodes
58%
Martin Biron
56.6%
Dan Cloutier
54.3%
Peter Sidorkiewicz
52%
Peter Sidorkiewicz
52%
Tommy Soderstrom
51.7%
Tommy Soderstrom
51.7%
Tommy Soderstrom
51.7%
Steve Shields
50.3%
Fred Brathwaite
47.4%
Fred Brathwaite
47.4%
Jean-Sebastien Aubin
45.7%
Mark Fitzpatrick
44.6%
Kevin Weekes
44%
Craig Billington
42.3%
Vincent Riendeau
40.9%
Rick Tabaracci
40.6%
Rick Tabaracci
40.6%
Peter Ing
38.9%
Kay Whitmore
37.7%
Dominic Roussel
36.3%
Blaine Lacher
35.1%
Norm Maracle
29.4%
Pat Jablonski
28%
Corey Schwab
27.1%
Troy Gamble
27.1%

You're not logged in!

Compare scores with friends on all Sporcle quizzes.
Join for Free
OR
Log In

You Might Also Like...

Show Comments

Extras

Top Quizzes Today


Score Distribution

Your Account Isn't Verified!

In order to create a playlist on Sporcle, you need to verify the email address you used during registration. Go to your Sporcle Settings to finish the process.

Report this User

Report this user for behavior that violates our Community Guidelines.

Details: